Vista normal
Vista MARC
Entrada Personal Name
Número de registros utilizados en: 1
001 - CONTROL NUMBER
- control field: 2747
003 - CONTROL NUMBER IDENTIFIER
- control field: OSt
005 - DATE AND TIME OF LATEST TRANSACTION
- control field: 20131018133813.0
008 - FIXED-LENGTH DATA ELEMENTS
- fixed length control field: 131018|||a|||||| | ||| d
040 ## - CATALOGING SOURCE
- Original cataloging agency: OSt
- Transcribing agency: OSt
100 ## - HEADING--PERSONAL NAME
- Personal name: Macias, Guillermo
670 ## - SOURCE DATA FOUND
- Source citation: Work cat.: (OSt): Spinelli, Hugo 2745, Seminario VI: Muertes violentas en la Ciudad Autonoma de Buenos Aires. Una mirada desde el Sector Salud, 2005